| 000 | 00758nam a2200217Ii 4500 | ||
|---|---|---|---|
| 003 | JO-AjNU | ||
| 008 | 230606s9999||||xx |||||||||||||| ||und|| | ||
| 017 | _a2017/245 | ||
| 020 | _a978-84-16982-1 | ||
| 040 |
_aJO-AjNU _beng _erda _cJO-AjNU |
||
| 041 | _aeng | ||
| 050 | 1 | 4 | _aG155 2016 |
| 100 | 3 |
_aAuthors Mustafa, Mairna واخرون, mairna Mastata and Hamid EI Debs (editor), _eauthor _95600 |
|
| 245 | 0 | 0 | _aTuning Middle East and North Africa: Reference Point for the Design and Delivery of Degree Programmes in Tourism |
| 264 | 3 | 1 | _aBibao: University of Deusto, 2016 |
| 300 | _a150p | ||
| 336 |
_atext _btxt _2rdacontent |
||
| 337 |
_aunmediated _bn _2rdamedia |
||
| 338 |
_avolume _bnc _2rdacarrier |
||
| 650 | 4 |
_aTourism - study - Sensies _95601 |
|
| 999 |
_aE2898 _c2896 _d2896 |
||